[Event "40th Olympiad Women"]
[Site "Istanbul TUR"]
[Date "2012.09.09"]
[Round "11.33"]
[Board "3"]
[White "Tuzi, Bruna"]
[Black "Johannsdottir, Johanna Bjorg"]
[Result "0-1"]
[WhiteElo "1546"]
[BlackElo "1886"]
[WhiteTeam "Albania"]
[BlackTeam "Iceland"]
[WhiteFideId "4701100"]
[BlackFideId "2303108"]
[EventDate "2012.08.28"]

1. e4 c5 2. Nf3 g6 3. d4 cxd4 4. Nxd4 Nc6 5. Nc3 Bg7 6. Nb3 Nf6 7. Be2 O-O 8.
O-O b6 9. f4 d6 10. Bf3 Bb7 11. Nd5 Rc8 12. c3 Nd7 13. Kh1 Nc5 14. Re1 Ba8 15.
Qc2 Ne6 16. Qd1 Nc5 17. h3 e6 18. Ne3 Ne7 19. Nc2 e5 20. Nb4 a5 21. Nd5 Bxd5 22.
exd5 Nf5 23. fxe5 Bxe5 24. Kg1 Qh4 25. Nxc5 bxc5 26. Bg4 Kh8 27. Bxf5 gxf5 28.
Re3 Rg8 29. Qe1 Qf4 30. g3 Rxg3+ 31. Rxg3 Qxg3+ 32. Qxg3 Bxg3 33. Kg2 Be5 34.
Bd2 Rg8+ 35. Kf2 Rg3 36. Ke2 Rxh3 37. Rf1 Rh5 38. b3 Kg7 39. c4 Rh2+ 40. Rf2
Rxf2+ 41. Kxf2 h5 42. Bxa5 h4 43. Kg2 f4 44. Be1 Bf6 45. Kh3 Bd8 46. Bxh4 f6 47.
Kg4 f5+ 48. Kh3 Bxh4 49. Kxh4 Kf6 50. Kh3 Ke5 51. Kg2 Ke4 52. a4 Ke3 53. a5 Ke2
54. a6 f3+ 55. Kh2 f2 56. a7 f1=Q 57. a8=Q Qf4+ 58. Kh1 Qf3+ 59. Kh2 f4 60. Qa2+
Ke3 61. b4 Qg3+ 62. Kh1 Qe1+ 63. Kh2 Qxb4 64. Qa1 Qxc4 65. Qg1+ Kd2 66. Qg5 Qe2+ 0-1

[Event "40th Olympiad Women"]
[Site "Istanbul TUR"]
[Date "2012.09.09"]
[Round "11.33"]
[Board "4"]
[White "Finnbogadottir, Tinna Kristin"]
[Black "Driza, Arta"]
[Result "1-0"]
[BlackTitle "WCM"]
[WhiteElo "1832"]
[BlackElo "1943"]
[WhiteTeam "Iceland"]
[BlackTeam "Albania"]
[WhiteFideId "2300214"]
[BlackFideId "4700694"]
[EventDate "2012.08.28"]

1. e4 e5 2. Nf3 d6 3. Nc3 f5 4. exf5 Bxf5 5. Bc4 Be7 6. d3 Nc6 7. Nd5 Na5 8. Ne3
Bg6 9. Be6 Nh6 10. Bd2 Nc6 11. Bb3 Qd7 12. Nd5 Nf7 13. O-O O-O-O 14. Bc4 Rdf8
15. b4 h6 16. c3 Bf5 17. Qb3 g5 18. a4 g4 19. Ne1 Ng5 20. f4 gxf3 21. Nxf3 Nxf3+
22. Rxf3 e4 23. dxe4 Bg4 24. Rg3 Kb8 25. h3 Bh5 26. Rg7 Rf7 27. Rxf7 Bxf7 28.
Nxe7 Bxc4 29. Qxc4 Qxe7 30. Rf1 Ne5 31. Qd4 b6 32. Qf2 Nc4 33. Qd4 Ne5 34. a5 h5
35. axb6 axb6 36. Ra1 Kb7 37. b5 Ra8 38. Qd5+ c6 39. bxc6+ Nxc6 40. Rxa8 Kxa8
41. Qxc6+ Ka7 42. Be3 Qd8 43. Bf4 Qh4 44. Bxd6 Qe1+ 45. Kh2 h4 46. Bc7 Qb1 47.
Qxb6+ Qxb6 48. Bxb6+ Kxb6 49. g3 1-0

[Event "40th Olympiad Women"]
[Site "Istanbul TUR"]
[Date "2012.09.09"]
[Round "11.34"]
[Board "3"]
[White "Chandrasiri, S A K"]
[Black "Ilhom, Mootribai"]
[Result "1-0"]
[WhiteElo "1731"]
[BlackElo "1705"]
[WhiteTeam "Sri Lanka"]
[BlackTeam "Tajikistan"]
[WhiteFideId "9905049"]
[BlackFideId "14700204"]
[EventDate "2012.08.28"]

1. e4 e6 2. d4 d5 3. Nd2 Nf6 4. e5 Nfd7 5. Bd3 c5 6. c3 Nc6 7. Ne2 Qb6 8. Nf3
cxd4 9. cxd4 Bb4+ 10. Kf1 Be7 11. g3 Nb4 12. Bb1 Qc7 13. Kg2 Nb6 14. Bd2 Bd7 15.
a3 Nc6 16. b3 Rc8 17. Bd3 Qd8 18. Qb1 h6 19. h4 Na8 20. Rc1 Nc7 21. Qb2 Nb8 22.
Nc3 Nba6 23. b4 b5 24. Be3 Nb8 25. Nd2 a6 26. Nb3 Na8 27. Nc5 O-O 28. Qd2 f5 29.
Bxh6 gxh6 30. Qxh6 Bxc5 31. bxc5 Qe7 32. Ne2 Qg7 33. Qf4 Be8 34. Qe3 Kf7 35. Nf4
Ke7 36. Rh1 Rh8 37. h5 Rh6 38. Bxf5 exf5 39. Nxd5+ Kd8 40. Nf4 Bc6+ 41. d5 Bd7
42. Rad1 Nc7 43. e6 Be8 44. d6 Bc6+ 45. f3 Na8 46. Ng6 Rxg6 47. hxg6 Be8 48.
Qg5+ 1-0

[Event "40th Olympiad Women"]
[Site "Istanbul TUR"]
[Date "2012.09.09"]
[Round "11.34"]
[Board "4"]
[White "Odinaeva, Saodat"]
[Black "Basnayake, I U"]
[Result "1-0"]
[WhiteElo "1741"]
[BlackElo "1788"]
[WhiteTeam "Tajikistan"]
[BlackTeam "Sri Lanka"]
[WhiteFideId "14700255"]
[BlackFideId "9901698"]
[EventDate "2012.08.28"]

1. Nf3 Nf6 2. d4 g6 3. c4 Bg7 4. Nc3 d5 5. e3 c6 6. Be2 O-O 7. O-O Nbd7 8. b3
Re8 9. Bb2 Nb6 10. Rc1 Bg4 11. cxd5 Nbxd5 12. h3 Bf5 13. Ne5 Nxc3 14. Bxc3 Nd5
15. Bc4 Bxe5 16. Bxd5 Bc7 17. Bc4 Qd6 18. f4 Rad8 19. Qf3 b5 20. Be2 Bb6 21.
Rfd1 Qe6 22. Bb2 Be4 23. Qf2 Rc8 24. Bg4 f5 25. Bf3 Bd5 26. Kh1 Red8 27. Ba3 Qf7
28. Qh4 e6 29. Be7 Re8 30. Bf6 Rf8 31. Be5 Bd8 32. Qe1 Bb6 33. Qe2 Rfd8 34. Kh2
a6 35. e4 fxe4 36. Bxe4 Qd7 37. b4 Qe7 38. a3 a5 39. Rb1 axb4 40. axb4 Ra8 41.
Bxd5 Rxd5 42. Qc2 Qd7 43. Qc3 Rd8 44. Qe1 Qf7 45. Qe3 Qd7 46. Rbc1 c5 47. bxc5
Bxc5 48. Qb3 Bd6 49. Re1 Bxe5 50. dxe5 Rd3 51. Qa2 b4 52. Rb1 Rd2 53. Qb3 Qc6
54. Rg1 R8d4 55. Rbc1 Qd7 56. Rgf1 R2d3 57. Qa2 b3 58. Qa8+ Kg7 59. Qb8 Qa4 60.
Rc8 Qb4 61. Rg8+ Kh6 62. Qc7 Rd7 63. Qc1 b2 64. Qb1 Rd1 65. Rxd1 Rxd1 66. Qxd1
b1=Q 67. Qg4 Qf5 68. Qh4+ Qh5 69. Qf2 Qa3 70. Re8 Kg7 71. Rxe6 Qf5 72. Rc6 Qa4
73. Rc7+ Kg8 74. g3 Qe6 75. Rc2 Qeb3 76. Qd2 Qxg3+ 77. Kxg3 1-0

[Event "40th Olympiad Women"]
[Site "Istanbul TUR"]
[Date "2012.09.09"]
[Round "11.35"]
[Board "1"]
[White "Leite, Catarina"]
[Black "Baklanova, Tatiana"]
[Result "0-1"]
[WhiteTitle "WIM"]
[BlackTitle "WIM"]
[WhiteElo "2178"]
[BlackElo "2220"]
[WhiteTeam "Portugal"]
[BlackTeam "ICSC"]
[WhiteFideId "1901222"]
[BlackFideId "14100754"]
[EventDate "2012.08.28"]

1. e4 e6 2. d4 d5 3. exd5 exd5 4. Bd3 Nc6 5. c3 Bd6 6. Qf3 Be6 7. Ne2 Qd7 8. h3
Nge7 9. Bf4 Ng6 10. Bxd6 Qxd6 11. O-O Nce7 12. Nd2 h5 13. Rfe1 O-O-O 14. Nb3 Nh4
15. Qf4 Neg6 16. Qxd6 Rxd6 17. Nc5 Bf5 18. Bxf5+ Nxf5 19. Nd3 f6 20. g3 Nf8 21.
h4 b6 22. Kg2 c6 23. Nef4 g5 24. hxg5 fxg5 25. Nh3 Ne6 26. Re5 Rf8 27. Rae1 Rf6
28. Rh1 Rd8 29. Ng1 h4 30. Nf3 Rg8 31. Re2 h3+ 32. Kh2 g4 33. Nfe5 Nd8 34. Nf4
Nd6 35. Rf1 Ne4 36. f3 gxf3 37. Rxf3 Ng5 38. Rf1 Re8 39. Rfe1 Rf5 40. Rf1 Ndf7
41. g4 Rf6 42. Kg3 Nd6 43. Nxh3 Nge4+ 44. Kg2 Rxf1 45. Kxf1 Ng3+ 46. Kf2 Nxe2
47. Kxe2 Nc4 48. Kf3 Nxe5+ 49. dxe5 Rxe5 50. Kf4 Re2 51. Kf5 Kd7 52. g5 Rxb2 53.
Kf6 Rh2 54. Ng1 Rg2 55. Nh3 Rg3 56. Nf4 Rf3 57. Ke5 Rxc3 58. Nh5 Ke7 0-1

[Event "40th Olympiad Women"]
[Site "Istanbul TUR"]
[Date "2012.09.09"]
[Round "11.35"]
[Board "2"]
[White "Mucha, Annegret"]
[Black "Coimbra, Margarida"]
[Result "1/2-1/2"]
[WhiteTitle "WCM"]
[BlackTitle "WFM"]
[WhiteElo "2023"]
[BlackElo "2116"]
[WhiteTeam "ICSC"]
[BlackTeam "Portugal"]
[WhiteFideId "24622788"]
[BlackFideId "1901192"]
[EventDate "2012.08.28"]

1. e4 e5 2. Nf3 Nc6 3. Bc4 Bc5 4. c3 Nf6 5. d3 d6 6. O-O a6 7. a4 Ba7 8. b4 O-O
9. Nbd2 Be6 10. Bxe6 fxe6 11. Nc4 Qe8 12. Rb1 b5 13. axb5 axb5 14. Na3 Rb8 15.
Ra1 Rb7 16. Nc2 Bb6 17. Bd2 Ne7 18. Qe2 Ng6 19. d4 exd4 20. Ncxd4 e5 21. Nxb5
Qxb5 22. Qxb5 Bxf2+ 23. Rxf2 Rxb5 24. Re2 Rbb8 25. Bg5 Ra8 26. Rxa8 Rxa8 27.
Bxf6 gxf6 28. g3 Ra3 29. Rc2 Kf7 30. Nd2 Ne7 31. Kf2 d5 32. Ke2 Ke6 33. exd5+
Nxd5 34. Ne4 Kf5 35. Nc5 Rxc3 36. Rxc3 Nxc3+ 37. Kd3 Nb5 38. h3 h5 39. Ke3 c6
40. Nb3 Ke6 41. g4 hxg4 42. hxg4 Kd5 43. Kd3 e4+ 44. Ke3 Na3 45. Nc5 Nc2+ 46.
Kf4 e3 47. Kf3 Nxb4 48. Ne4 Kd4 49. Nxf6 Kd3 50. Ne4 e2 51. Nf2+ Kd2 52. Ne4+
Kd3 53. Nf2+ Kd2 1/2-1/2

[Event "40th Olympiad Women"]
[Site "Istanbul TUR"]
[Date "2012.09.09"]
[Round "11.35"]
[Board "3"]
[White "Baptista, Ana Filipa"]
[Black "Botalova, Yulia"]
[Result "1-0"]
[WhiteTitle "WFM"]
[BlackTitle "WFM"]
[WhiteElo "2152"]
[BlackElo "1949"]
[WhiteTeam "Portugal"]
[BlackTeam "ICSC"]
[WhiteFideId "1902970"]
[BlackFideId "24132535"]
[EventDate "2012.08.28"]

1. e4 e6 2. d4 d5 3. Nd2 Nf6 4. e5 Nfd7 5. Bd3 c5 6. c3 Nc6 7. Ne2 cxd4 8. cxd4
f6 9. exf6 Nxf6 10. Nf3 Bd6 11. O-O O-O 12. Bf4 Bxf4 13. Nxf4 Ne4 14. Ne2 Nd6
15. Qd2 h6 16. Nf4 Qf6 17. Nh5 Qf7 18. Ng3 Qf4 19. Qc3 Bd7 20. Rac1 Rac8 21. Ne2
Qf6 22. Qa3 Nf5 23. Bxf5 Qxf5 24. Qd6 Rcd8 25. Qg3 Be8 26. Ne5 Nxe5 27. dxe5 Qf7
28. Qh4 Bb5 29. Rfe1 Bxe2 30. Rxe2 Qf4 31. Qxf4 Rxf4 32. Rc7 Rf7 33. Rec2 Rdd7
34. Rxd7 Rxd7 35. f4 Kf7 36. Kf2 Ke7 37. Ke3 b6 38. Rc6 Rb7 39. Kd4 Kd7 40. Rd6+
Ke7 41. f5 exf5 42. Rg6 Kf7 43. Rc6 Ke7 44. e6 Kf6 45. Kxd5 Re7 46. b4 g5 47. a4
f4 48. a5 bxa5 49. bxa5 Kf5 50. a6 g4 51. g3 f3 52. Rc4 Re8 53. Rf4+ Kg5 54. Kd6
Rd8+ 55. Kc7 Rd3 56. e7 Re3 57. Kd7 Rd3+ 58. Ke6 Re3+ 59. Kd5 1-0

[Event "40th Olympiad Women"]
[Site "Istanbul TUR"]
[Date "2012.09.09"]
[Round "11.35"]
[Board "4"]
[White "Gerasimova, Olga"]
[Black "Oliveira, Maria Ines"]
[Result "0-1"]
[WhiteTitle "WIM"]
[WhiteElo "2087"]
[BlackElo "1927"]
[WhiteTeam "ICSC"]
[BlackTeam "Portugal"]
[WhiteFideId "24109622"]
[BlackFideId "1909436"]
[EventDate "2012.08.28"]

1. e4 c5 2. Nc3 e6 3. g3 Nc6 4. Bg2 Nf6 5. Nge2 Be7 6. O-O O-O 7. d4 cxd4 8.
Nxd4 Qc7 9. h3 d6 10. Be3 Bd7 11. f4 Nxd4 12. Bxd4 Bc6 13. Qe2 a6 14. a4 b6 15.
Qf2 b5 16. axb5 axb5 17. e5 Nd7 18. exd6 Qxd6 19. Nxb5 Bxb5 20. Rxa8 Rxa8 21.
Bxa8 Bxf1 22. c3 Bc4 23. b4 Bd5 24. Bxd5 Qxd5 25. Qg2 Qxg2+ 26. Kxg2 Bf6 27.
Bxf6 gxf6 28. Kf3 Kf8 29. Ke4 Ke7 30. Kd4 Kd6 31. c4 Kc6 32. Ke4 f5+ 33. Ke3 h5
34. Kd3 f6 35. Ke3 e5 36. Kd3 Nf8 37. Ke3 Ne6 38. fxe5 fxe5 39. g4 hxg4 40. hxg4
f4+ 41. Kf3 Ng5+ 42. Ke2 e4 43. Kf2 Ne6 44. Kg2 e3 45. Kf3 Nd4+ 46. Kg2 f3+ 47.
Kg3 e2 48. Kf2 Nc2 0-1

[Event "40th Olympiad Women"]
[Site "Istanbul TUR"]
[Date "2012.09.09"]
[Round "11.36"]
[Board "1"]
[White "Tuominen, Tanja"]
[Black "Dahdal, Lougain"]
[Result "1-0"]
[WhiteTitle "WIM"]
[BlackTitle "WIM"]
[WhiteElo "2101"]
[BlackElo "1923"]
[WhiteTeam "Finland"]
[BlackTeam "Jordan"]
[WhiteFideId "502340"]
[BlackFideId "8102880"]
[EventDate "2012.08.28"]

1. e4 c5 2. Nf3 Nc6 3. c3 e6 4. d4 d5 5. exd5 exd5 6. Bd3 c4 7. Bc2 Bd6 8. Bg5
Nge7 9. h3 f6 10. Be3 Bf5 11. O-O O-O 12. a4 Qd7 13. Nbd2 Rae8 14. Nh4 Bxc2 15.
Qxc2 g5 16. Nhf3 g4 17. hxg4 Qxg4 18. Rfe1 Rf7 19. Nh2 Qh5 20. Ndf1 Rg7 21. Qd1
Qg6 22. Qf3 Kh8 23. g3 Nf5 24. Bd2 Reg8 25. Kh1 Nd8 26. Ne3 Nxg3+ 27. fxg3 Bxg3
28. Rg1 Qh6 29. Nf1 Qh4 30. Nxg3 Rxg3 31. Rxg3 Rxg3 32. Qxd5 Nf7 33. Be1 Rg5 34.
Bxh4 Rxd5 35. Bxf6+ Kg8 36. Ng4 Rf5 37. Be7 h5 38. Ne3 Rf2 39. Nxc4 Nh6 40. Ne5
Rxb2 41. Rg1+ Kh7 42. Bf6 Rb6 43. Rg7+ 1-0

[Event "40th Olympiad Women"]
[Site "Istanbul TUR"]
[Date "2012.09.09"]
[Round "11.36"]
[Board "2"]
[White "Fuad Kamel Jamaliah, Natalie"]
[Black "Puuska, Heini"]
[Result "1/2-1/2"]
[WhiteTitle "WIM"]
[BlackTitle "WFM"]
[WhiteElo "1997"]
[BlackElo "1995"]
[WhiteTeam "Jordan"]
[BlackTeam "Finland"]
[WhiteFideId "724190"]
[BlackFideId "502324"]
[EventDate "2012.08.28"]

1. e4 g6 2. d4 Bg7 3. Nf3 d6 4. c3 Nf6 5. Bd3 O-O 6. O-O Nc6 7. h3 e5 8. dxe5
dxe5 9. Qe2 h6 10. Nbd2 Nh5 11. Nb3 Qf6 12. Rd1 Nf4 13. Bxf4 Qxf4 14. Qd2 Qf6
15. Qe3 b6 16. Bb5 Nd8 17. Rd2 Nb7 18. Qe2 c6 19. Ba6 Nd6 20. Bxc8 Rfxc8 21.
Rad1 Bf8 22. c4 Rd8 23. a4 Nb7 24. Qe3 Rxd2 25. Rxd2 Rd8 26. a5 Rxd2 27. Nfxd2
Nc5 28. axb6 axb6 29. Nxc5 Bxc5 30. Qe2 Qd8 31. Nf3 Qd6 32. Qd2 Qxd2 33. Nxd2 f6
34. Kf1 Kf7 35. Ke2 Ke6 36. f3 Bd4 37. b3 Kd6 38. Kd3 Kc5 39. Nb1 f5 40. Na3 b5
41. Nc2 bxc4+ 42. bxc4 Bf2 43. g4 fxg4 44. fxg4 Bg1 45. Ne1 Bh2 46. Kc3 Kd6 47.
Nf3 Bg3 1/2-1/2

[Event "40th Olympiad Women"]
[Site "Istanbul TUR"]
[Date "2012.09.09"]
[Round "11.36"]
[Board "3"]
[White "Nazarova, Anastasia"]
[Black "Boshra, Alshaeby"]
[Result "1-0"]
[BlackTitle "WFM"]
[WhiteElo "1693"]
[BlackElo "1927"]
[WhiteTeam "Finland"]
[BlackTeam "Jordan"]
[WhiteFideId "34101737"]
[BlackFideId "8102937"]
[EventDate "2012.08.28"]

1. e4 c5 2. Nf3 Nc6 3. c4 Nf6 4. Nc3 d6 5. Be2 g6 6. d4 cxd4 7. Nxd4 Bg7 8. Be3
O-O 9. O-O a6 10. f3 Bd7 11. Rc1 Qa5 12. a3 Rac8 13. Qe1 Rfd8 14. Qf2 Re8 15.
Rfd1 Nxd4 16. Bxd4 Qh5 17. Nd5 Nxd5 18. exd5 Ba4 19. Rd3 Bh6 20. f4 Qf5 21. Rf3
Bg7 22. Bxg7 Kxg7 23. b3 Bd7 24. Bd3 Qf6 25. h3 Bf5 26. Bxf5 Qxf5 27. g4 Qd7 28.
f5 f6 29. Re1 b5 30. g5 fxg5 31. fxg6 Kxg6 32. Re6+ Kh5 33. Rf7 Rh8 34. Qf3+ 1-0

[Event "40th Olympiad Women"]
[Site "Istanbul TUR"]
[Date "2012.09.09"]
[Round "11.37"]
[Board "2"]
[White "Gao, Judy"]
[Black "Avalos, Leticia"]
[Result "1-0"]
[WhiteTitle "WCM"]
[BlackTitle "WCM"]
[WhiteElo "1949"]
[BlackElo "1742"]
[WhiteTeam "New Zealand"]
[BlackTeam "Paraguay"]
[WhiteFideId "4302257"]
[BlackFideId "3702073"]
[EventDate "2012.08.28"]

1. c4 e5 2. Nc3 Nf6 3. g3 d5 4. cxd5 Nxd5 5. Bg2 Nb6 6. Nf3 Nc6 7. O-O Be7 8. a3
g5 9. d3 g4 10. Nd2 h5 11. b4 h4 12. Nc4 hxg3 13. hxg3 Bg5 14. Ne4 Bxc1 15. Rxc1
f5 16. Nc5 Qg5 17. Bxc6+ bxc6 18. Kg2 f4 19. Rh1 Rh3 20. Ne4 Qg7 21. Qc2 fxg3
22. Nxb6 Bb7 23. Nxa8 gxf2 24. Qc5 Kd8 25. Nxf2 Rh6 26. Rxh6 Qxh6 27. Rh1 Qg7
28. Rh5 Kc8 29. Nxc7 Kxc7 30. Qxe5+ 1-0

[Event "40th Olympiad Women"]
[Site "Istanbul TUR"]
[Date "2012.09.09"]
[Round "11.37"]
[Board "3"]
[White "Rojas, Montserrat"]
[Black "Tsoi, Nicole"]
[Result "1-0"]
[BlackTitle "WFM"]
[WhiteElo "1605"]
[BlackElo "1786"]
[WhiteTeam "Paraguay"]
[BlackTeam "New Zealand"]
[WhiteFideId "3701670"]
[BlackFideId "4302605"]
[EventDate "2012.08.28"]

1. c4 e6 2. Nc3 f5 3. e3 Nf6 4. d4 Be7 5. b3 d6 6. Bb2 O-O 7. Qc2 Nc6 8. a3 e5
9. O-O-O Qe8 10. d5 Nb8 11. h3 a6 12. f3 Qh5 13. Bd3 Qh6 14. Qd2 Nh5 15. g4 Ng3
16. Rh2 Bg5 17. Re1 f4 18. e4 Nd7 19. Nge2 Bh4 20. Rg1 Nc5 21. Bc2 b6 22. b4 Nb7
23. Ba4 Qf6 24. Bc6 Rb8 25. a4 Qe7 26. Kc2 Nd8 27. b5 axb5 28. cxb5 Nxc6 29.
dxc6 Be6 30. Nd5 Qf7 31. Nec3 Ra8 32. Ra1 Kh8 33. Rg2 h6 34. Rgg1 Bg5 35. Ra3
Ra7 36. Rga1 Rfa8 37. Qd3 Bd8 38. Kb3 Qe7 39. Qd2 Qh4 40. Qg2 Be7 41. Kb4 Rf8
42. Bc1 Bd8 43. Bd2 Qg5 44. a5 bxa5+ 45. Rxa5 Rxa5 46. Rxa5 Qg6 47. Ra8 Qf7 48.
Ra7 Qe8 49. Be1 Rf7 50. Ra8 Kh7 51. h4 Qf8 52. h5 Kh8 53. Bf2 Bxd5 54. Nxd5 Kh7
55. b6 cxb6 56. Bxb6 Qe8 57. Qc2 Nxe4 58. Qxe4+ 1-0

[Event "40th Olympiad Women"]
[Site "Istanbul TUR"]
[Date "2012.09.09"]
[Round "11.37"]
[Board "4"]
[White "Fairley, Natasha"]
[Black "Perez, Dalila"]
[Result "0-1"]
[WhiteTitle "WFM"]
[WhiteElo "1788"]
[BlackElo "1760"]
[WhiteTeam "New Zealand"]
[BlackTeam "Paraguay"]
[WhiteFideId "4301439"]
[BlackFideId "3702014"]
[EventDate "2012.08.28"]

1. e4 e6 2. Nf3 d5 3. Nc3 Nf6 4. e5 Nfd7 5. d4 c5 6. dxc5 Bxc5 7. Bf4 a6 8. Bd3
Nc6 9. a3 b5 10. O-O Bb7 11. Re1 h6 12. h3 Rc8 13. Qe2 Nd4 14. Nxd4 Bxd4 15. Nd1
Nc5 16. Rb1 Qb6 17. Qg4 Nxd3 18. cxd3 g5 19. Bg3 Bc5 20. Nc3 Be7 21. Rbc1 O-O
22. h4 Kh7 23. d4 Rg8 24. Qh5 Rg7 25. Ne2 Rcg8 26. hxg5 Bxg5 27. Rcd1 b4 28. Rd3
a5 29. Bf4 Ba6 30. Bxg5 Rxg5 31. Qxf7+ R8g7 32. Qf3 Rxg2+ 33. Kh1 Bxd3 34. Qxd3+
Kg8 35. Qe3 Qd8 36. Ng3 R2xg3 37. fxg3 Qg5 38. Kg2 h5 39. axb4 axb4 40. Qxg5
Rxg5 41. Kf3 Rg4 42. Rd1 Re4 43. Rd3 Kf7 44. b3 Kg6 45. Kg2 Kg5 46. Kh3 Rg4 47.
Kh2 Kf5 48. Rf3+ Ke4 49. Rf6 Kxd4 50. Rxe6 Re4 51. Rb6 Kc5 52. Re6 d4 53. Kg2
Kd5 54. Rb6 Kc5 55. Re6 Re3 56. Kf2 Rxb3 57. Rh6 Re3 58. Rxh5 b3 59. g4 b2 60.
e6+ Kc4 0-1

[Event "40th Olympiad Women"]
[Site "Istanbul TUR"]
[Date "2012.09.09"]
[Round "11.38"]
[Board "4"]
[White "Bukhashem, Fayeqa S"]
[Black "Kremer, Nadine"]
[Result "0-1"]
[WhiteTitle "WFM"]
[WhiteElo "1762"]
[BlackElo "1788"]
[WhiteTeam "United Arab Emirates"]
[BlackTeam "Luxembourg"]
[WhiteFideId "9301593"]
[BlackFideId "4002970"]
[EventDate "2012.08.28"]

1. e4 c5 2. Nf3 d6 3. d4 cxd4 4. Nxd4 Nf6 5. f3 e5 6. Nb3 Be6 7. c4 Qc7 8. Qd3
Nbd7 9. Be3 Rc8 10. N1d2 Nb6 11. Rc1 Nfd7 12. Be2 Be7 13. O-O O-O 14. f4 exf4
15. Bxf4 Ne5 16. Qg3 Ng6 17. Nd4 Nxf4 18. Qxf4 Qc5 19. Nb3 Qg5 20. Nxe6 fxe6 21.
Qxg5 Bxg5 22. Rxf8+ Kxf8 23. Rd1 Nxc4 24. Bxc4 Rxc4 25. Rxd6 Ke7 26. Rd3 Rxe4
27. Kf1 Rc4 28. Nd4 Bf6 29. Nb5 a6 30. Nc3 Bxc3 31. bxc3 e5 32. Rg3 g6 33. Rf3
e4 34. Rf4 Ke6 35. Ke2 b5 36. Kd2 a5 37. a3 Ra4 38. Ke3 Kd5 39. Rf7 Rxa3 40.
Rd7+ Kc6 41. Rxh7 b4 42. Kxe4 Rxc3 43. Rh8 Kb5 44. Rb8+ Ka4 45. Kd4 Rc2 0-1

[Event "40th Olympiad Women"]
[Site "Istanbul TUR"]
[Date "2012.09.09"]
[Round "11.39"]
[Board "1"]
[White "Olatunji, Oluwatobiloba"]
[Black "Greeff, Melissa"]
[Result "0-1"]
[BlackTitle "WGM"]
[WhiteElo "1818"]
[BlackElo "2091"]
[WhiteTeam "Nigeria"]
[BlackTeam "South Africa"]
[WhiteFideId "8500924"]
[BlackFideId "14301504"]
[EventDate "2012.08.28"]

1. c4 e5 2. g3 Nf6 3. Bg2 d5 4. cxd5 Nxd5 5. Nc3 Nb6 6. d3 Nc6 7. Nf3 Be7 8. O-O
g5 9. Be3 g4 10. Nd2 Be6 11. f4 exf4 12. Rxf4 Bg5 13. Re4 Bxe3+ 14. Rxe3 Qd4 15.
Nf1 O-O-O 16. Kh1 h5 17. Re4 Qd7 18. Qe1 h4 19. gxh4 f5 20. Rf4 Ne7 21. Kg1 Ng6
22. Rb4 c6 23. Qf2 Kb8 24. Rc1 Qd6 25. a3 f4 26. Ne4 Qe7 27. Nc5 f3 28. exf3
gxf3 29. Qg3+ Ka8 30. Nxe6 Qxe6 31. Qxf3 Nxh4 32. Qe4 Qd7 33. Ng3 Qxd3 34. Qxd3
Rxd3 35. Rf1 Nxg2 36. Kxg2 Rd2+ 37. Kg1 Kb8 38. h4 Nd5 39. Rb3 c5 40. Rf2 Rxf2
41. Kxf2 Rxh4 42. Ne2 Rh2+ 43. Ke1 a6 44. Rd3 Rxe2+ 45. Kxe2 Nf4+ 46. Ke3 Nxd3
47. Kxd3 Kc7 48. b4 cxb4 49. axb4 Kb6 50. Kc4 Kc6 51. Kc3 Kb5 52. Kb3 a5 53.
bxa5 Kxa5 54. Ka3 Kb5 55. Kb3 b6 56. Kc2 Kc4 57. Kb2 Kb4 58. Kc2 Ka3 59. Kb1 b5
60. Ka1 b4 61. Kb1 Kb3 0-1

[Event "40th Olympiad Women"]
[Site "Istanbul TUR"]
[Date "2012.09.09"]
[Round "11.40"]
[Board "1"]
[White "Koskoska, Gabriela"]
[Black "Vazquez Maccarini, Danitza"]
[Result "0-1"]
[WhiteTitle "WIM"]
[BlackTitle "WFM"]
[WhiteElo "2094"]
[BlackElo "1916"]
[WhiteTeam "FYROM"]
[BlackTeam "Puerto Rico"]
[WhiteFideId "15000630"]
[BlackFideId "3101193"]
[EventDate "2012.08.28"]

1. e4 c5 2. Nf3 e6 3. c4 a6 4. Nc3 Nc6 5. Be2 d6 6. d4 cxd4 7. Nxd4 Qc7 8. Be3
Ne5 9. Rc1 Nf6 10. f4 Ned7 11. Bf3 Be7 12. O-O Rb8 13. g4 h6 14. Qe2 Nh7 15. Bg2
b6 16. b3 Bb7 17. f5 e5 18. Nd5 Qd8 19. Nf3 Bxd5 20. cxd5 a5 21. Rc6 Nhf6 22.
Nd2 Nc5 23. a3 Rc8 24. b4 axb4 25. axb4 Rxc6 26. dxc6 Na4 27. Qa6 b5 28. Qxb5
Nc3 29. Qb7 O-O 30. Bb6 Qe8 31. Bf3 d5 32. exd5 Ncxd5 33. Bc5 Bxc5+ 34. bxc5 e4
35. Re1 Qe5 36. Nxe4 Qd4+ 37. Kh1 Nxe4 38. Rxe4 Qf2 39. Bg2 Ne3 40. Rxe3 Qxe3
41. h3 Qxc5 42. Qb3 Re8 43. Kh2 Re1 44. Qd5 Qg1+ 45. Kg3 Re3+ 46. Kf4 Qf2+ 47.
Bf3 Re8 48. g5 Qh4+ 49. Bg4 Qxg5+ 50. Kg3 h5 51. Qd7 Re3+ 52. Kf2 Qf4+ 53. Kg2
hxg4 54. Qd8+ Kh7 55. Qh4+ Qh6 56. Qxg4 Qxc6+ 57. Kf2 Rd3 58. f6 Qxf6+ 59. Ke2
Rd4 0-1

[Event "40th Olympiad Women"]
[Site "Istanbul TUR"]
[Date "2012.09.09"]
[Round "11.40"]
[Board "2"]
[White "Comas Colon, Rinelly"]
[Black "Bejatovic, Bojana"]
[Result "1/2-1/2"]
[WhiteTitle "WFM"]
[WhiteElo "1810"]
[BlackElo "1978"]
[WhiteTeam "Puerto Rico"]
[BlackTeam "FYROM"]
[WhiteFideId "3101576"]
[BlackFideId "15000141"]
[EventDate "2012.08.28"]

1. c4 f5 2. g3 Nf6 3. Bg2 g6 4. Nf3 Bg7 5. O-O O-O 6. Nc3 d6 7. d4 c6 8. Bd2 Qc7
9. Qc1 Re8 10. d5 e5 11. dxe6 Bxe6 12. b3 Nbd7 13. Rb1 Nc5 14. Bh6 Bh8 15. Nd2
Rad8 16. Bf4 Qg7 17. b4 Nce4 18. Ncxe4 Nxe4 19. Nxe4 fxe4 20. Rd1 d5 21. cxd5
cxd5 22. Qd2 Rc8 23. Rdc1 Qd7 24. Rxc8 Rxc8 25. Rc1 Bf6 26. Rxc8+ Qxc8 27. h4
Bc3 28. Qe3 Bxb4 29. Qxa7 Bc5 30. Qa5 Bd4 31. Qa3 Bf6 32. Qd6 Qd7 33. Qa3 Bg4
34. Bh6 Bg7 35. Bxg7 Kxg7 36. e3 Kg8 37. Qb3 Be6 38. Qb2 Qf7 39. a3 Bf5 40. Bf1
Bg4 41. Bg2 Bf5 42. Bf1 Bg4 1/2-1/2

[Event "40th Olympiad Women"]
[Site "Istanbul TUR"]
[Date "2012.09.09"]
[Round "11.40"]
[Board "3"]
[White "Stojkovska, Monika"]
[Black "Pacheco Medina, Hilzandryly"]
[Result "1-0"]
[WhiteElo "1939"]
[BlackElo "1820"]
[WhiteTeam "FYROM"]
[BlackTeam "Puerto Rico"]
[WhiteFideId "15002594"]
[BlackFideId "3100480"]
[EventDate "2012.08.28"]

1. e4 e6 2. d4 d5 3. Nd2 dxe4 4. Nxe4 Nd7 5. Nf3 Ngf6 6. Nxf6+ Nxf6 7. Bc4 c5 8.
O-O Qc7 9. Qe2 a6 10. a4 Be7 11. dxc5 Qxc5 12. Be3 Qh5 13. Bb6 O-O 14. Rad1 Bd7
15. a5 Rac8 16. Rd4 Rxc4 17. Qxc4 Bb5 18. Qc7 Bxf1 19. Kxf1 Re8 20. b3 Qb5+ 21.
Rd3 Qc6 22. Qxc6 bxc6 23. c4 Rc8 24. Ne5 Kf8 25. f3 Ke8 26. g4 Ng8 27. f4 f6 28.
Nf3 c5 29. Nd2 Nh6 30. h3 f5 31. g5 Nf7 32. Nf3 Nd6 33. Ne5 g6 34. Ke2 Bf8 35.
h4 Ke7 36. h5 gxh5 37. Rh3 Ne4 38. Ke3 Bg7 39. Rxh5 Rh8 40. Nc6+ Kd6 41. Nd8
Bd4+ 42. Kd3 Kd7 43. Nf7 Re8 44. Rxh7 Kc8 45. Nh6 1-0